00622cam a22001811 4500001001300000003000400013005001700017008004100034010001700075035002000092040001800112042001200130050002200142110003400164245015000198260005400348300003800402ca 09002939 DLC20260227111049.0911102s1866 nyub 000 0 eng  aca 09002939  a(OCoLC)24666318 aDLCcNRUdDLC apremarc00aHE8360b.E25 18662 aEast India Telegraph Company.14aThe East India telegraph co.,bincorporated under a special charter from the Legislature of the state of New York ... [Prospectus, charter, etc.] aNew York,bC. S. Westcott & co., printers,c1866. a32 p.bfront. (fold. map)c23 cm.